Statistics for Taylor Swift Songs Starting with E

Click here to take the quiz!

General Stats

  • This quiz has been taken 304 times
  • The average score is 5 of 7

Answer Stats

Song% Correct
evermore (ft. Bon Iver)
83%
exile (ft. Bon Iver)
74%
End Game
73%
epiphany
71%
Enchanted
68%
Everything Has Changed (feat. Ed Sheeran) (Taylor's Version)
65%
Eyes Open
38%

Score Distribution

Percentile by Number Answered

Percent of People with Each Score

Your Score History

You have not taken this quiz